Juvenile tree growth on some volcanic ash soils disturbed by prior forest harvest /

Bibliographic Details
Main Author: Geist, J. Michael
Corporate Author: Pacific Northwest Research Station (Portland, Or.)
Other Authors: Hazard, John W., Seidel, Kenneth W.
Format: Government Document Book
Language:English
Published: Portland, OR : U.S. Dept. of Agriculture, Forest Service, Pacific Northwest Research Station, [2008]
Series:Research paper PNW ; 573.
Subjects:
Online Access:https://purl.fdlp.gov/GPO/LPS92339

MARC

Tag First Indicator Second Indicator Subfields
LEADER 00000cam a2200000Ka 4500
001 in00002387721
005 20211129155615.0
006 m d f
008 080324s2008 oru s f000 0 eng d
035 |a (OCoLC)ocn213810822 
040 |a GPO  |c GPO  |d MvI  |d UtOrBLW 
049 |a WWW 
074 |a 0083-B (online) 
086 0 |a A 13.78:PNW-RP-573 
100 1 |a Geist, J. Michael. 
245 1 0 |a Juvenile tree growth on some volcanic ash soils disturbed by prior forest harvest /  |c J. Michael Geist, John W. Hazard, and Kenneth W. Seidel. 
264 1 |a Portland, OR :  |b U.S. Dept. of Agriculture, Forest Service, Pacific Northwest Research Station,  |c [2008] 
300 |a 22 pages :  |b digital, PDF file. 
336 |a text  |b txt  |2 rdacontent 
337 |a computer  |b c  |2 rdamedia 
338 |a unspecified  |b zu  |2 rdacarrier 
490 1 |a Research paper PNW ;  |v RP-573 
538 |a Mode of access: Internet from the Pacific Northwest Research Station web site. Address as of 03/21/08: http://www.fs.fed.us/pnw/pubs/pnw%5Frp573.pdf ; current access is available via PURL. 
500 |a Title from title screen (viewed Mar. 21, 2008). 
500 |a Electronic resource. 
650 0 |a Trees  |x Growth. 
650 0 |a Volcanic soils. 
700 1 |a Hazard, John W. 
700 1 |a Seidel, Kenneth W. 
710 2 |a Pacific Northwest Research Station (Portland, Or.) 
830 0 |a Research paper PNW ;  |v 573. 
856 4 0 |u https://purl.fdlp.gov/GPO/LPS92339  |t 0 
999 |a MARS 
999 f f |s c20fc71f-0156-39cf-a174-090e15458094  |i 47fbdd10-e2ab-342e-bdf4-8153616c2fe5  |t 0 
952 f f |a Texas A&M University  |b College Station  |c Electronic Resources  |d Available Online  |t 0  |e A 13.78:PNW-RP-573  |h Superintendent of Documents classification 
998 f f |a A 13.78:PNW-RP-573  |t 0  |l Available Online